00422nam a2200181Ia 4500003000900000008004100009040001300050040001300063041000800076100002400084245006700108250000900175260002100184260000900205300000800214490001200222490000600234IT-RoPAU120407s9999 xx 000 0 und d aIT-RoPAU cIT-RoPAU aita aPier Carlo Landucci aLa sacra vocazione. Essenza, manifestazione, libertà. 2a ed. aAlba aEdizioni Paoline c1960 c cm aCat. II v1